000 01429cam a2200133 4500500
005 20260329023151.0
041 _afre
042 _adc
100 1 0 _aRichard, Denis
_eauthor
245 0 0 _aLes drogues
260 _bArmand Colin,
_c2005.
520 _aLes positions de principe concernant l'usage et l'abus des psychotropes conduisent trop souvent à faire l'économie de la nécessaire connaissance des produits très divers qui composent l'univers mouvant des "drogues". Or la nature, les effets, la dangerosité et le contexte d'emploi de ces produits ne sont pas les mêmes et determinent largement l'approche, notamment thérapeutique, qui doit en être faite. Peut-on encore différencier drogues 'dures" et "douces"? Les drogues de synthèse ont-elles pris le pas sur les "naturelles"? Quel sont l'origine, les propriétés et les effets du canabis, des hallucinogènes, des opiacés ou encore de l'estasy? Les médicaments sont-ils des drogues, les drogues peuvent-elles être des médicaments? Comment un usage occasionnel ou socialement intégré devient-il une véritable dépendance? Ce petit ouvrage, à travers une double approche pharmaceutique et sociologique, fournit les informations essentielles à ceux qui sont confrontés à titre personnel ou d'intervenant à une problématique de toxicomanie.
856 4 1 _uhttps://stm.cairn.info/les-drogues--9782200340278?lang=fr&redirect-ssocas=7080
999 _c1925196
_d1925196